000 00898nam a2200265 a 4500
001 000028893
003 DO-SdBNP
005 20240226144121.0
008 110412s1930 dr 000 0 spa d
040 _aDO-SdBNP
_bspa
_cBNPHU
049 _aBNPD
082 4 _a305.42
_bP422f
_222
100 1 _aPepín, Ercilia,
_d1886-1939
_96456
245 1 0 _aFeminismo /
_cErcilia Pepín.
260 _aSantiago de los Caballeros :
_bISFODUSU,
_c1930.
300 _a50 p. ;
_c26 cm.
490 1 _aClásicos dominicanos;
_v2
500 _aLa biblioteca posee 1 ejemplar autografiado por la autora
590 _aInventariado, 2021/MFF
600 4 _a Pepín, Ercilia,
_d1886-1939
_vEnsayos, conferencias, etc.
_979220
650 4 _aFeminismo
_zRepública Dominicana
_938000
650 4 _aDerecho de la mujer
_zRepública Dominicana
_979221
910 _aValidado. Control de calidad MFF
942 _2ddc
_cLBS1
999 _c28385
_d28385